000
00328nam a2200133Ia 4500
008
240624s9999 xx 000 0 und d
041
_a
eng
082
_a
658.421 HOL
100
_a
HOLT DAVID H
245
_a
ENTREPRENEURSHIP NEW VENTURE CREATION
260
_c
2004
_a
New Delhi
_b
Prentice-Hall
300
_a
xix, : 553
365
_c
RS
999
_c
344
_d
344